Southville International School and Colleges
Your cart is empty.
  • Cart
  • Lists
    Public lists Eva Luna New books Lux_list list_1
    Your lists Log in to create your own lists
  • Log in to your account
  • Your cookies
  • Search history
Southville International School and Colleges
  • Advanced search
  • Recent comments
  • Most popular
  • Libraries

Log in to your account

Log in with GOOGLE


If you do not have an external account, but do have a local account, you can still log in:

  1. Home
  2. MARC view: Lean six sigma demystified /
Normal view MARC view ISBD view

Lean six sigma demystified / (Record no. 357715)

[ view plain ]
MARC details
000 -LEADER
fixed length control field 00615nam a2200229Ia 4500
008 - FIXED-LENGTH DATA ELEMENTS--GENERAL INFORMATION
fixed length control field 180523s9999 xx 000 0 und d
020 ## - INTERNATIONAL STANDARD BOOK NUMBER
International Standard Book Number 978-0-07-148650-7
050 ## - LIBRARY OF CONGRESS CALL NUMBER
Classification number MAIN TS 156
050 ## - LIBRARY OF CONGRESS CALL NUMBER
Item number .A78 2007
100 ## - MAIN ENTRY--PERSONAL NAME
Personal name Arthur, Jay.
245 #0 - TITLE STATEMENT
Title Lean six sigma demystified /
245 #0 - TITLE STATEMENT
Statement of responsibility, etc Jay Arthur.
260 ## - PUBLICATION, DISTRIBUTION, ETC. (IMPRINT)
Place of publication, distribution, etc New York :
260 ## - PUBLICATION, DISTRIBUTION, ETC. (IMPRINT)
Name of publisher, distributor, etc McGraw-Hill,
260 ## - PUBLICATION, DISTRIBUTION, ETC. (IMPRINT)
Date of publication, distribution, etc 2007
300 ## - PHYSICAL DESCRIPTION
Extent 340 pages :
300 ## - PHYSICAL DESCRIPTION
Dimensions 24 cm.
500 ## - GENERAL NOTE
General note Includes index.
650 ## - SUBJECT ADDED ENTRY--TOPICAL TERM
Topical term or geographic name as entry element Production management -- Quality control.
650 ## - SUBJECT ADDED ENTRY--TOPICAL TERM
Topical term or geographic name as entry element Six sigma (Quality control standard).
650 ## - SUBJECT ADDED ENTRY--TOPICAL TERM
General subdivision Total quality management.
Holdings
Withdrawn status Lost status Damaged status Home library Current library Shelving location Date acquired Cost, normal purchase price Total Checkouts Full call number Barcode Date last seen Price effective from Koha item type
      South Mansfield College South Mansfield College   06/18/2008 1.00   MAIN TS 156 .A78 2007 SMC03606 05/23/2018 05/23/2018  

Lean six sigma demystified /

APA

Arthur J., .Lean six sigma demystified. New York: .

Chicago

Arthur Jay, .Lean six sigma demystified. New York: .

Harvard

Arthur J., .Lean six sigma demystified. New York: .

MLA

Arthur Jay, .New York: . .

  • Place hold
  • Print
  • Cite
  • Add to your cart (remove)
  • Save record
    BIBTEX Dublin Core MARCXML MARC (non-Unicode/MARC-8) MARC (Unicode/UTF-8) MARC (Unicode/UTF-8, Standard) MODS (XML) RIS
  • More searches
    Search for this title in:
    Other Libraries (WorldCat) Other Databases (Google Scholar) Online Stores (Bookfinder.com) Open Library (openlibrary.org)

Exporting to Dublin Core...

SOUTHVILLE LIBRARY

Southville International School and Colleges Library

1281 Tropical Ave. Cor. Luxembourg St., BF Homes International, Las Pinas City

Tel. No. 8256374 / 252358 Loc. 117/146

Powered by Koha